| 000 | 00682nam a2200205 4500 | ||
|---|---|---|---|
| 001 | 131131 | ||
| 003 | ES-MaACL | ||
| 005 | 20230906193924.0 | ||
| 007 | t| | ||
| 008 | 070214s1961 sp r ||||1| spa d | ||
| 080 | _a793.81 | ||
| 100 | 0 |
_aRoden. _998112 |
|
| 245 | 1 | 0 |
_aMosaico mágico / _cRoden ; ilustrado con... fotografías por Fernando Maymó Catalá ; prólogo de D. Fernando Maymó Gomis. |
| 260 |
_aBarcelona : _bMaymó : _bCírculo Español de Artes Mágicas, _c1961. |
||
| 300 |
_a176 p. : _bil. ; _c24 cm. |
||
| 650 | 4 |
_aIlusionismo. _9143701 |
|
| 700 | 1 |
_aMaymo Catalá, Fernando. _979377 |
|
| 700 | 1 |
_aMaymo Gomis, Fernando. _979378 |
|
| 852 | 4 |
_aES-MaACL _jC-20744 |
|
| 999 |
_c131131 _d131131 |
||